1634 1753 1872 1466 1715 1726 1878 1647 1886 1757 1404 1687 1648 1686 1153 1715 1317 1274 1848 1790 1333 1732 1210 1397 1098 1885 1785 1465 1277 1702 1072 1218 1884 1578 1233 1293 1883 1777 1403 1187 1328 1004 1644 1546 1621 1351 1663 1082 1061 1277 1028 1861 1596 1002 1812 1501 1261 1252 1976 1826 1044 1290 1747 1254 1034 1103 1102 1973 1602 1697 1164 1553 1704 1331 1603 1276 1335 1355 1941 1891 1141 1037 1959 1942 1985 1975 1837 1576 1333 1219 1065 1583 1063 1482 1548 1979 1367 1933 1024 BCNSPRNW ULIB Ver.6.0+V

เปลี่ยนเป็นภาษาไทย

Change to English
 แสดงรายละเอียดบรรณานุกรม
  กลับหน้าหลัก

Brief Record : Get Marc (ISO 2709) : E-mail record : QR code < ปิดหน้าต่าง
LEADER : 00000nam 2200000uu 4500
001    13399109135
003     ULIB
008    110322s2543||||th 000 0 tha d
020    9743451609
060 04 WA292^bว554ก 2543
100 0  วิจิตรา กุสุมภ์
245 10 การกู้ชีวิต =^bCPR 2000 /^cวิจิตรา กุสุมภ์
246 31 CPR 2000
250    พิมพ์ครั้งที่ 1
260    กรุงเทพฯ :^bบพิธการพิมพ์,^c2543
300    113 หน้า :^bภาพประกอบ ;^c20 ซม.
650  7 การกู้ชีวิต
650  7 ปฐมพยาบาล
945    ^p50^l0^i014652
945    ^p50^l0^i014651
945    ^p50^l0^i013700
945    ^p50^l0^i013698
945    ^p50^l0^i015161
945    ^p50^l0^i013699
995    ทศพร
999 ^a ใช้งานได้ทุกระบบ
รายการนี้ยังไม่มีแท็ก
คุณยังไม่ได้ล็อกอิน คุณสามารถมีกิจกรรมร่วมกับเว็บไซต์ได้ แต่ต้องล็อกอินก่อน ::
  ล็อกอิน

รายการสื่อสารสนเทศ

ลำดับที่ ประเภท เลขเรียก/บาร์โค้ด สถานที่ สถานะ
- ไม่พบข้อมูล -

รายการใกล้เคียง
    ผู้แต่ง [วิจิตรา กุสุมภ์]

    หัวเรื่อง [การกู้ชีวิต]
    หัวเรื่อง [ปฐมพยาบาล]

BibComment


ยังไม่เคยถูกคอมเมนท์

คอมเมนท์ทรัพยากรรายการนี้
  คอมเมนท์: การกู้ชีวิต CPR ..


 Copyright 2026. Bcnsprnw @Library